[Event "European Chess Club Cup 2023"]
[Site "Durres, Albania"]
[Date "2023.10.06"]
[Round "6.11"]
[White "Fedoseev, Vladimir"]
[Black "Hansen, Eric"]
[Result "1/2-1/2"]
[TimeControl "90' + 30' & 30\""]
[WhiteElo "2691"]
[BlackElo "2609"]

1. d4 {[%clk 01:30:15]} {[%emt 00:00:44]} Nf6 {[%clk 01:29:58]} {[%emt
00:01:03]} 2. c4 {[%clk 01:29:59]} {[%emt 00:00:45]} e6 {[%clk 01:29:30]}
{[%emt 00:00:59]} 3. Nf3 {[%clk 01:30:18]} {[%emt 00:00:09]} b6 {[%clk
01:28:21]} {[%emt 00:01:41]} 4. g3 {[%clk 01:29:31]} {[%emt 00:01:17]} Bb4+
{[%clk 01:24:20]} {[%emt 00:04:31]} 5. Nbd2 {[%clk 01:25:27]} {[%emt 00:04:34]}
Bb7 {[%clk 01:23:20]} {[%emt 00:01:30]} 6. Bg2 {[%clk 01:25:44]} {[%emt
00:00:13]} O-O {[%clk 01:23:32]} {[%emt 00:00:18]} 7. O-O {[%clk 01:26:04]}
{[%emt 00:00:09]} a5 {[%clk 01:09:18]} {[%emt 00:14:44]} 8. Nb1 {[%clk
01:25:39]} {[%emt 00:00:55]} Be7 {[%clk 01:09:39]} {[%emt 00:00:09]} 9. a3
{[%clk 01:18:04]} {[%emt 00:08:06]} c6 {[%clk 00:59:36]} {[%emt 00:10:33]} 10.
Nc3 {[%clk 01:10:11]} {[%emt 00:08:22]} d5 {[%clk 00:59:25]} {[%emt 00:00:42]}
11. Bf4 {[%clk 01:05:16]} {[%emt 00:05:25]} Nh5 {[%clk 00:39:19]} {[%emt
00:20:35]} 12. Bc1 {[%clk 01:01:30]} {[%emt 00:04:17]} Nf6 {[%clk 00:39:04]}
{[%emt 00:00:45]} 13. Nd2 {[%clk 01:00:15]} {[%emt 00:01:45]} Nbd7 {[%clk
00:37:48]} {[%emt 00:01:46]} 14. b3 {[%emt 00:14:42]} c5 {[%clk 00:25:27]}
{[%emt 00:02:50]} 15. e3 {[%clk 00:55:41]} {[%emt 00:00:53]} Rc8 {[%clk
00:24:32]} {[%emt 00:01:25]} 16. Bb2 {[%clk 00:55:08]} {[%emt 00:01:03]} cxd4
{[%clk 00:23:40]} {[%emt 00:01:22]} 17. exd4 {[%clk 00:55:36]} Ba6 {[%clk
00:22:55]} {[%emt 00:01:16]} 18. Re1 {[%clk 00:51:27]} {[%emt 00:04:38]} Nb8
{[%clk 00:15:49]} {[%emt 00:07:36]} 19. cxd5 {[%clk 00:49:30]} {[%emt
00:02:28]} Nxd5 {[%clk 00:15:32]} {[%emt 00:00:48]} 20. Nxd5 {[%clk 00:49:15]}
{[%emt 00:00:44]} exd5 {[%clk 00:15:57]} {[%emt 00:00:05]} 21. Nf1 {[%clk
00:48:33]} {[%emt 00:01:12]} Bxf1 {[%clk 00:14:39]} {[%emt 00:01:48]} 22. Kxf1
{[%clk 00:45:14]} {[%emt 00:03:49]} Bf6 {[%emt 00:06:10]} 23. Qh5 {[%clk
00:39:47]} Nc6 {[%clk 00:12:43]} {[%emt 00:02:43]} 24. Rad1 {[%clk 00:37:21]}
{[%emt 00:02:55]} Ne7 {[%clk 00:12:37]} {[%emt 00:00:36]} 25. Re2 {[%clk
00:37:19]} {[%emt 00:00:32]} Qd6 {[%clk 00:11:43]} {[%emt 00:01:24]} 26. a4
{[%clk 00:36:12]} {[%emt 00:01:37]} Rcd8 {[%clk 00:07:12]} {[%emt 00:05:02]} 27.
Ra1 {[%clk 00:30:47]} {[%emt 00:05:55]} Nc6 {[%clk 00:07:11]} {[%emt 00:00:31]}
28. Ba3 {[%clk 00:31:02]} {[%emt 00:00:15]} Nb4 {[%clk 00:07:36]} {[%emt
00:00:04]} 29. Rd1 {[%clk 00:29:16]} {[%emt 00:02:16]} g6 {[%clk 00:05:44]}
{[%emt 00:02:23]} 30. Qf3 {[%clk 00:29:11]} {[%emt 00:00:30]} Rfe8 {[%clk
00:02:26]} {[%emt 00:03:54]} 31. Red2 {[%clk 00:27:41]} {[%emt 00:01:58]} Kg7
{[%clk 00:02:33]} {[%emt 00:00:24]} 32. h4 {[%clk 00:27:01]} {[%emt 00:01:09]}
h5 {[%clk 00:02:49]} {[%emt 00:00:15]} 33. Kg1 {[%clk 00:23:42]} {[%emt
00:03:49]} Re6 {[%clk 00:02:35]} {[%emt 00:00:44]} 34. Rc1 {[%clk 00:21:38]}
{[%emt 00:02:33]} Rde8 {[%clk 00:02:51]} {[%emt 00:00:14]} 35. Rdd1 {[%clk
00:20:45]} {[%emt 00:01:24]} Re2 {[%clk 00:01:48]} {[%emt 00:01:33]} 36. Bxb4
{[%clk 00:17:19]} {[%emt 00:03:56]} Qxb4 {[%clk 00:01:42]} {[%emt 00:00:36]} 37.
Qxd5 {[%clk 00:16:53]} {[%emt 00:00:56]} Re1+ {[%clk 00:01:38]} {[%emt
00:00:34]} 38. Rxe1 {[%clk 00:14:47]} {[%emt 00:02:36]} Rxe1+ {[%clk 00:02:02]}
{[%emt 00:00:06]} 39. Rxe1 {[%clk 00:15:12]} {[%emt 00:00:05]} Qxe1+ {[%clk
00:02:27]} {[%emt 00:00:04]} 40. Bf1 {[%clk 00:15:37]} {[%emt 00:00:06]} Qa1
{[%clk 00:01:58]} {[%emt 00:00:58]} 41. Kg2 {[%clk 00:15:49]} {[%emt 00:00:18]}
Qxd4 {[%clk 00:02:12]} {[%emt 00:00:16]} 42. Qxd4 {[%clk 00:13:16]} {[%emt
00:02:31]} 1/2-1/2

[Event "European Chess Club Cup 2023"]
[Site "Durres, Albania"]
[Date "2023.10.06"]
[Round "6.12"]
[White "Urkedal, Frode Olav Olsen"]
[Black "Shevchenko, Kirill"]
[Result "1/2-1/2"]
[TimeControl "90' + 30' & 30\""]
[WhiteElo "2519"]
[BlackElo "2671"]

1. d4 {[%clk 01:30:18]} {[%emt 00:00:32]} Nf6 {[%clk 01:30:57]} {[%emt
00:00:13]} 2. c4 {[%clk 01:30:41]} {[%emt 00:00:07]} g6 {[%clk 01:31:22]}
{[%emt 00:00:05]} 3. Nc3 {[%clk 01:31:04]} {[%emt 00:00:06]} Bg7 {[%clk
01:31:48]} {[%emt 00:00:05]} 4. e4 {[%clk 01:31:16]} {[%emt 00:00:17]} d6
{[%clk 01:32:15]} {[%emt 00:00:03]} 5. h3 {[%clk 01:30:37]} {[%emt 00:01:10]}
O-O {[%clk 01:32:16]} {[%emt 00:00:29]} 6. Be3 {[%clk 01:30:56]} {[%emt
00:00:10]} Na6 {[%clk 01:29:06]} {[%emt 00:03:41]} 7. Nf3 {[%clk 01:18:22]}
{[%emt 00:13:03]} c6 {[%clk 01:26:05]} {[%emt 00:03:32]} 8. Be2 {[%clk
01:13:19]} {[%emt 00:05:33]} e5 {[%clk 01:25:13]} {[%emt 00:01:22]} 9. d5
{[%clk 01:04:42]} {[%emt 00:09:08]} Nh5 {[%clk 01:25:11]} {[%emt 00:00:31]} 10.
g3 {[%clk 00:59:59]} {[%emt 00:05:13]} cxd5 {[%clk 01:22:34]} {[%emt 00:03:06]}
11. Nxd5 {[%clk 00:57:28]} {[%emt 00:03:02]} Nf6 {[%clk 01:19:07]} {[%emt
00:03:57]} 12. Nxf6+ {[%clk 00:46:57]} {[%emt 00:11:01]} Bxf6 {[%clk 01:14:00]}
{[%emt 00:05:38]} 13. h4 {[%clk 00:46:49]} {[%emt 00:00:38]} b6 {[%clk
00:47:52]} {[%emt 00:26:37]} 14. Nh2 {[%clk 00:38:05]} {[%emt 00:09:14]} Bb7
{[%clk 00:44:05]} {[%emt 00:04:18]} 15. Bf3 {[%clk 00:31:34]} {[%emt 00:07:01]}
Rc8 {[%clk 00:37:16]} {[%emt 00:07:18]} 16. Qe2 {[%clk 00:31:23]} {[%emt
00:00:41]} Nc5 {[%clk 00:28:28]} {[%emt 00:09:18]} 17. h5 {[%clk 00:24:55]}
{[%emt 00:06:59]} Bg5 {[%clk 00:23:43]} {[%emt 00:05:14]} 18. Rd1 {[%clk
00:16:53]} {[%emt 00:08:32]} Qe7 {[%clk 00:19:30]} {[%emt 00:04:43]} 19. O-O
{[%clk 00:13:14]} {[%emt 00:04:09]} Ne6 {[%clk 00:17:45]} {[%emt 00:02:16]} 20.
b3 {[%clk 00:13:21]} {[%emt 00:00:22]} Rcd8 {[%clk 00:09:53]} {[%emt 00:08:22]}
21. Bg2 {[%clk 00:13:14]} {[%emt 00:00:38]} Bxe3 {[%clk 00:08:12]} {[%emt
00:02:11]} 22. Qxe3 {[%clk 00:13:37]} {[%emt 00:00:06]} Qg5 {[%clk 00:06:49]}
{[%emt 00:01:53]} 23. hxg6 {[%clk 00:11:01]} {[%emt 00:03:07]} fxg6 {[%clk
00:06:05]} {[%emt 00:01:13]} 24. Rfe1 {[%clk 00:09:17]} {[%emt 00:02:13]} Qxe3
{[%clk 00:04:47]} {[%emt 00:01:49]} 25. Rxe3 {[%clk 00:09:46]} {[%emt
00:00:02]} Kf7 {[%clk 00:05:15]} {[%emt 00:00:02]} 26. Bh3 {[%clk 00:08:28]}
{[%emt 00:01:48]} Ng5 {[%clk 00:05:26]} {[%emt 00:00:19]} 27. Bg2 {[%clk
00:08:51]} {[%emt 00:00:07]} Ke7 {[%clk 00:05:46]} {[%emt 00:00:09]} 28. Nf3
{[%clk 00:07:08]} {[%emt 00:02:13]} Ne6 {[%clk 00:06:08]} {[%emt 00:00:07]} 29.
Ne1 {[%clk 00:07:15]} {[%emt 00:00:24]} h5 {[%clk 00:04:48]} {[%emt 00:01:50]}
30. Nc2 {[%clk 00:06:34]} {[%emt 00:01:11]} Rf6 {[%clk 00:04:28]} {[%emt
00:00:51]} 31. Nb4 {[%clk 00:06:48]} {[%emt 00:00:15]} a5 {[%clk 00:00:57]}
{[%emt 00:04:01]} 32. Nd5+ {[%clk 00:07:05]} {[%emt 00:00:13]} Bxd5 {[%clk
00:01:25]} {[%emt 00:00:02]} 33. exd5 {[%clk 00:07:27]} {[%emt 00:00:08]} Ng5
{[%clk 00:01:05]} {[%emt 00:00:50]} 34. b4 {[%clk 00:05:59]} {[%emt 00:01:58]}
Rc8 {[%clk 00:00:43]} {[%emt 00:00:53]} 35. c5 {[%clk 00:02:45]} {[%emt
00:03:43]} bxc5 {[%clk 00:01:01]} {[%emt 00:00:12]} 36. bxa5 {[%clk 00:03:14]}
c4 {[%clk 00:00:34]} {[%emt 00:00:57]} 37. a6 {[%clk 00:03:25]} {[%emt
00:00:19]} Rff8 {[%clk 00:00:45]} {[%emt 00:00:19]} 38. Rb1 {[%clk 00:03:30]}
{[%emt 00:00:25]} Rc5 {[%clk 00:00:38]} {[%emt 00:00:37]} 39. a7 {[%clk
00:03:02]} {[%emt 00:00:58]} Ra5 {[%clk 00:00:33]} {[%emt 00:00:35]} 40. Rb7+
{[%clk 00:03:19]} {[%emt 00:00:12]} Kf6 {[%clk 00:00:59]} {[%emt 00:00:05]} 41.
f4 {[%clk 00:25:39]} {[%emt 00:08:11]} Nf7 {[%clk 00:28:39]} {[%emt 00:02:49]}
42. Rf3 {[%clk 00:16:55]} {[%emt 00:09:14]} e4 {[%clk 00:21:40]} {[%emt
00:07:30]} 43. Rc3 {[%clk 00:16:51]} {[%emt 00:00:33]} Ra8 {[%clk 00:18:22]}
{[%emt 00:03:48]} 44. Rxc4 {[%clk 00:16:58]} {[%emt 00:00:23]} R8xa7 {[%clk
00:18:19]} {[%emt 00:00:33]} 45. Rxa7 {[%clk 00:17:08]} {[%emt 00:00:20]} Rxa7
{[%clk 00:18:48]} 46. a4 {[%clk 00:11:16]} {[%emt 00:06:22]} e3 {[%clk
00:17:22]} {[%emt 00:01:57]} 47. Re4 {[%clk 00:11:30]} {[%emt 00:00:15]} Kg7
{[%clk 00:11:55]} {[%emt 00:05:58]} 48. Kf1 {[%clk 00:06:14]} {[%emt 00:05:45]}
Nh6 {[%clk 00:10:52]} {[%emt 00:01:32]} 49. Bh3 {[%clk 00:06:13]} {[%emt
00:00:32]} Ng8 {[%clk 00:09:25]} {[%emt 00:01:57]} 50. Ke2 {[%clk 00:06:16]}
{[%emt 00:00:27]} Nf6 {[%clk 00:09:43]} {[%emt 00:00:13]} 51. Rd4 {[%clk
00:06:41]} {[%emt 00:00:04]} Rb7 {[%clk 00:06:47]} {[%emt 00:03:26]} 52. Be6
{[%clk 00:06:08]} {[%emt 00:01:04]} Rb3 {[%clk 00:05:20]} {[%emt 00:01:57]} 53.
Rd3 {[%clk 00:05:08]} {[%emt 00:01:30]} Rb2+ {[%clk 00:05:43]} {[%emt
00:00:06]} 54. Kxe3 {[%clk 00:05:33]} {[%emt 00:00:05]} Ra2 {[%clk 00:06:10]}
{[%emt 00:00:03]} 55. Rd4 {[%clk 00:05:58]} {[%emt 00:00:06]} Ra3+ {[%clk
00:05:50]} {[%emt 00:00:50]} 56. Kf2 {[%clk 00:06:09]} {[%emt 00:00:19]} Kh6
{[%clk 00:05:49]} {[%emt 00:00:31]} 57. Kg2 {[%clk 00:05:36]} {[%emt 00:01:02]}
g5 {[%clk 00:06:02]} {[%emt 00:00:17]} 58. fxg5+ {[%clk 00:05:00]} {[%emt
00:01:07]} Kxg5 {[%clk 00:06:31]} {[%emt 00:00:01]} 59. Rf4 {[%clk 00:04:21]}
{[%emt 00:01:08]} Ra2+ {[%clk 00:05:24]} {[%emt 00:01:37]} 60. Kf1 {[%clk
00:03:28]} {[%emt 00:01:23]} Ra3 {[%clk 00:05:17]} {[%emt 00:00:38]} 61. Kg2
{[%clk 00:03:31]} {[%emt 00:00:27]} Ra2+ {[%clk 00:05:41]} {[%emt 00:00:06]} 62.
Kf1 {[%clk 00:03:15]} {[%emt 00:00:45]} Ra3 {[%clk 00:06:06]} {[%emt 00:00:05]}
1/2-1/2

[Event "European Chess Club Cup 2023"]
[Site "Durres, Albania"]
[Date "2023.10.06"]
[Round "6.13"]
[White "Vachier-Lagrave, Maxime"]
[Black "Mikhalevski, Victor"]
[Result "1-0"]
[TimeControl "90' + 30' & 30\""]
[WhiteElo "2727"]
[BlackElo "2527"]

1. Nf3 {[%clk 01:30:49]} {[%emt 00:00:10]} d5 {[%clk 01:30:47]} {[%emt
00:00:13]} 2. g3 {[%clk 01:30:52]} {[%emt 00:00:27]} g6 {[%clk 01:31:02]}
{[%emt 00:00:16]} 3. Bg2 {[%clk 01:31:19]} {[%emt 00:00:02]} Bg7 {[%clk
01:31:28]} {[%emt 00:00:05]} 4. d4 {[%clk 01:31:42]} {[%emt 00:00:07]} Nf6
{[%clk 01:31:49]} {[%emt 00:00:09]} 5. O-O {[%clk 01:32:07]} {[%emt 00:00:05]}
O-O {[%clk 01:32:14]} {[%emt 00:00:04]} 6. c4 {[%clk 01:32:35]} {[%emt
00:00:02]} c6 {[%clk 01:32:33]} {[%emt 00:00:11]} 7. Qa4 {[%clk 01:31:48]}
{[%emt 00:01:17]} b5 {[%clk 01:20:07]} {[%emt 00:12:56]} 8. cxb5 {[%clk
01:31:59]} {[%emt 00:00:19]} cxb5 {[%clk 01:20:31]} {[%emt 00:00:06]} 9. Qd1
{[%clk 01:26:41]} {[%emt 00:05:47]} Nc6 {[%clk 01:13:45]} {[%emt 00:07:17]} 10.
Bf4 {[%clk 01:20:33]} {[%emt 00:06:38]} Ne4 {[%clk 01:10:47]} {[%emt 00:03:28]}
11. Nc3 {[%clk 01:07:46]} {[%emt 00:13:17]} Nxc3 {[%clk 00:47:58]} {[%emt
00:23:19]} 12. bxc3 {[%clk 01:08:11]} {[%emt 00:00:06]} Na5 {[%clk 00:46:54]}
{[%emt 00:01:34]} 13. a4 {[%clk 01:01:57]} {[%emt 00:06:43]} bxa4 {[%clk
00:35:55]} {[%emt 00:11:29]} 14. Ne5 {[%clk 01:00:05]} {[%emt 00:02:22]} Bxe5
{[%clk 00:29:49]} {[%emt 00:06:37]} 15. dxe5 {[%clk 01:00:03]} {[%emt
00:00:32]} Be6 {[%clk 00:30:12]} {[%emt 00:00:07]} 16. Rxa4 {[%clk 00:59:15]}
{[%emt 00:01:18]} Nc4 {[%clk 00:29:24]} {[%emt 00:01:18]} 17. Ra6 {[%clk
00:58:38]} {[%emt 00:01:06]} Qc8 {[%clk 00:23:05]} {[%emt 00:06:50]} 18. Qa4
{[%clk 00:56:34]} {[%emt 00:02:34]} Nb6 {[%clk 00:12:41]} {[%emt 00:10:54]} 19.
Qa3 {[%clk 00:51:25]} {[%emt 00:05:38]} Nc4 {[%clk 00:13:02]} {[%emt 00:00:09]}
20. Qa4 {[%clk 00:50:04]} {[%emt 00:01:51]} Nb6 {[%clk 00:13:27]} {[%emt
00:00:05]} 21. Qa1 {[%clk 00:50:13]} {[%emt 00:00:21]} Qc7 {[%clk 00:08:50]}
{[%emt 00:05:08]} 22. Rb1 {[%clk 00:49:40]} {[%emt 00:01:03]} Rfb8 {[%clk
00:08:45]} {[%emt 00:00:35]} 23. h4 {[%clk 00:48:36]} {[%emt 00:01:33]} Nc4
{[%clk 00:07:26]} {[%emt 00:01:50]} 24. Rxb8+ {[%clk 00:44:57]} {[%emt
00:04:09]} Qxb8 {[%clk 00:07:43]} {[%emt 00:00:13]} 25. h5 {[%clk 00:44:38]}
{[%emt 00:00:49]} gxh5 {[%clk 00:03:28]} {[%emt 00:04:45]} 26. Qa4 {[%clk
00:41:29]} {[%emt 00:03:38]} Qb7 {[%clk 00:02:44]} {[%emt 00:01:14]} 27. Kh2
{[%clk 00:41:17]} {[%emt 00:00:43]} Nb6 {[%clk 00:03:05]} {[%emt 00:00:09]} 28.
Qa2 {[%clk 00:39:49]} {[%emt 00:01:57]} Qc7 {[%clk 00:02:19]} {[%emt 00:01:17]}
29. Qa5 {[%clk 00:39:56]} {[%emt 00:00:23]} Qb7 {[%clk 00:02:19]} {[%emt
00:00:30]} 30. Qb5 {[%clk 00:33:37]} {[%emt 00:06:49]} Rb8 {[%clk 00:01:25]}
{[%emt 00:01:25]} 31. Bf3 {[%clk 00:33:02]} {[%emt 00:01:04]} Nc4 {[%clk
00:00:55]} {[%emt 00:01:00]} 32. Qa4 {[%clk 00:32:39]} {[%emt 00:00:53]} Nb6
{[%clk 00:01:01]} {[%emt 00:00:24]} 33. Qa2 {[%clk 00:31:35]} {[%emt 00:01:34]}
Ra8 {[%clk 00:00:40]} {[%emt 00:00:52]} 34. c4 {[%clk 00:31:46]} {[%emt
00:00:18]} Qd7 {[%clk 00:00:40]} {[%emt 00:00:30]} 35. Rxb6 {[%clk 00:32:08]}
{[%emt 00:00:08]} 1-0

[Event "European Chess Club Cup 2023"]
[Site "Durres, Albania"]
[Date "2023.10.06"]
[Round "6.14"]
[White "Kobo, Ori"]
[Black "Martirosyan, Haik M."]
[Result "1/2-1/2"]
[TimeControl "90' + 30' & 30\""]
[WhiteElo "2551"]
[BlackElo "2696"]

1. e4 {[%clk 01:30:45]} {[%emt 00:00:10]} e5 {[%clk 01:30:28]} {[%emt
00:00:22]} 2. Nf3 {[%clk 01:31:06]} {[%emt 00:00:21]} Nc6 {[%clk 01:30:51]}
{[%emt 00:00:06]} 3. Bb5 {[%clk 01:31:13]} {[%emt 00:00:22]} Nf6 {[%clk
01:31:14]} {[%emt 00:00:08]} 4. O-O {[%clk 01:30:57]} {[%emt 00:00:45]} Nxe4
{[%clk 01:31:38]} {[%emt 00:00:07]} 5. Re1 {[%clk 01:31:06]} {[%emt 00:00:21]}
Nd6 {[%clk 01:32:01]} {[%emt 00:00:07]} 6. Nxe5 {[%clk 01:31:23]} {[%emt
00:00:12]} Be7 {[%clk 01:32:22]} {[%emt 00:00:09]} 7. Bf1 {[%clk 01:31:30]}
{[%emt 00:00:23]} Nxe5 {[%clk 01:32:46]} {[%emt 00:00:08]} 8. Rxe5 {[%clk
01:31:53]} {[%emt 00:00:06]} O-O {[%clk 01:33:11]} {[%emt 00:00:05]} 9. d4
{[%clk 01:31:34]} {[%emt 00:00:48]} Bf6 {[%clk 01:33:33]} {[%emt 00:00:09]} 10.
Re1 {[%clk 01:31:51]} {[%emt 00:00:13]} Nf5 {[%clk 01:33:43]} {[%emt 00:00:20]}
11. c3 {[%clk 01:31:48]} {[%emt 00:00:32]} d5 {[%clk 01:34:03]} {[%emt
00:00:11]} 12. Bf4 {[%clk 01:30:45]} {[%emt 00:01:33]} Bg5 {[%clk 01:31:39]}
{[%emt 00:02:55]} 13. Bxg5 {[%clk 01:27:22]} {[%emt 00:03:53]} Qxg5 {[%clk
01:32:06]} {[%emt 00:00:02]} 14. Nd2 {[%clk 01:26:13]} {[%emt 00:01:39]} c6
{[%clk 01:27:23]} {[%emt 00:05:14]} 15. Re5 {[%clk 01:26:33]} {[%emt 00:00:09]}
Qd8 {[%clk 01:23:27]} {[%emt 00:04:26]} 16. Bd3 {[%clk 01:20:54]} {[%emt
00:06:09]} g6 {[%clk 01:21:24]} {[%emt 00:02:33]} 17. Qc2 {[%clk 01:10:27]}
{[%emt 00:10:56]} f6 {[%clk 01:12:23]} {[%emt 00:09:33]} 18. Re2 {[%clk
01:10:21]} {[%emt 00:00:34]} Qd6 {[%clk 01:11:36]} {[%emt 00:01:18]} 19. a4
{[%clk 01:01:06]} {[%emt 00:09:45]} Bd7 {[%clk 01:09:02]} {[%emt 00:03:04]} 20.
a5 {[%clk 00:59:31]} {[%emt 00:02:06]} Rfe8 {[%clk 01:08:45]} {[%emt 00:00:47]}
21. Rae1 {[%clk 00:59:31]} {[%emt 00:00:28]} Rxe2 {[%clk 01:06:52]} {[%emt
00:02:24]} 22. Rxe2 {[%clk 00:59:51]} {[%emt 00:00:10]} Ng7 {[%clk 01:03:29]}
{[%emt 00:03:53]} 23. Qb3 {[%clk 00:54:29]} {[%emt 00:05:52]} Qc7 {[%clk
00:55:11]} {[%emt 00:08:49]} 24. Re7 {[%clk 00:38:37]} {[%emt 00:16:20]} Re8
{[%clk 00:49:50]} {[%emt 00:05:52]} 25. Qb4 {[%clk 00:36:32]} {[%emt 00:02:35]}
Ne6 {[%clk 00:43:48]} {[%emt 00:06:33]} 26. h3 {[%clk 00:26:01]} {[%emt
00:11:01]} b6 {[%clk 00:41:20]} {[%emt 00:02:58]} 27. axb6 {[%clk 00:24:17]}
{[%emt 00:02:14]} axb6 {[%clk 00:41:22]} {[%emt 00:00:27]} 28. Qa3 {[%clk
00:22:31]} {[%emt 00:02:16]} Rxe7 {[%clk 00:35:10]} {[%emt 00:06:42]} 29. Qxe7
{[%clk 00:22:39]} {[%emt 00:00:22]} Qd8 {[%clk 00:35:38]} {[%emt 00:00:02]} 30.
Qd6 {[%clk 00:21:29]} {[%emt 00:01:40]} Qc7 {[%clk 00:35:49]} {[%emt 00:00:18]}
31. Qe7 {[%clk 00:21:21]} {[%emt 00:00:39]} 1/2-1/2

[Event "European Chess Club Cup 2023"]
[Site "Durres, Albania"]
[Date "2023.10.06"]
[Round "6.15"]
[White "Moussard, Jules"]
[Black "Steinberg, Nitzan"]
[Result "1/2-1/2"]
[TimeControl "90' + 30' & 30\""]
[WhiteElo "2642"]
[BlackElo "2543"]

1. e4 {[%clk 01:30:11]} {[%emt 00:00:28]} c5 {[%clk 01:30:51]} {[%emt
00:00:09]} 2. Nf3 {[%clk 01:30:10]} {[%emt 00:00:31]} d6 {[%clk 01:31:14]}
{[%emt 00:00:08]} 3. d4 {[%clk 01:30:12]} {[%emt 00:00:27]} cxd4 {[%clk
01:31:38]} {[%emt 00:00:07]} 4. Nxd4 {[%clk 01:30:33]} {[%emt 00:00:09]} Nf6
{[%clk 01:32:02]} {[%emt 00:00:06]} 5. Nc3 {[%clk 01:30:56]} {[%emt 00:00:07]}
Nc6 {[%clk 01:32:25]} {[%emt 00:00:06]} 6. Bc4 {[%clk 01:27:52]} {[%emt
00:03:34]} Qb6 {[%clk 01:32:30]} {[%emt 00:00:26]} 7. Nb3 {[%clk 01:21:23]}
{[%emt 00:06:59]} e6 {[%clk 01:32:39]} {[%emt 00:00:21]} 8. Bf4 {[%emt
00:18:27]} Ne5 {[%clk 01:24:35]} 9. Be2 {[%clk 01:11:25]} {[%emt 00:01:05]} a6
{[%clk 01:20:06]} {[%emt 00:04:59]} 10. Be3 {[%clk 01:02:44]} {[%emt 00:09:10]}
Qc7 {[%clk 01:20:21]} {[%emt 00:00:15]} 11. a4 {[%clk 01:01:14]} {[%emt
00:02:01]} Nc4 {[%clk 01:09:49]} {[%emt 00:11:02]} 12. Bxc4 {[%clk 00:59:35]}
{[%emt 00:02:09]} Qxc4 {[%clk 01:10:16]} {[%emt 00:00:04]} 13. Qd3 {[%clk
00:58:31]} {[%emt 00:01:33]} Qxd3 {[%clk 01:06:46]} {[%emt 00:04:00]} 14. cxd3
{[%clk 00:58:59]} {[%emt 00:00:02]} Be7 {[%clk 01:05:40]} {[%emt 00:01:34]} 15.
h3 {[%clk 00:55:20]} {[%emt 00:04:10]} O-O {[%clk 01:03:45]} {[%emt 00:02:25]}
16. g4 {[%clk 00:54:00]} {[%emt 00:01:51]} Bd7 {[%clk 00:59:03]} {[%emt
00:05:12]} 17. a5 {[%clk 00:51:27]} {[%emt 00:03:02]} Rac8 {[%clk 00:54:37]}
{[%emt 00:04:58]} 18. Ke2 {[%clk 00:50:15]} {[%emt 00:01:41]} h6 {[%clk
00:45:07]} {[%emt 00:10:00]} 19. Nd2 {[%clk 00:39:38]} {[%emt 00:11:06]} Bc6
{[%clk 00:34:43]} {[%emt 00:10:55]} 20. Rhc1 {[%clk 00:36:41]} {[%emt
00:03:27]} d5 {[%clk 00:32:59]} {[%emt 00:02:13]} 21. f3 {[%clk 00:26:09]}
{[%emt 00:11:02]} dxe4 {[%clk 00:32:01]} {[%emt 00:01:29]} 22. fxe4 {[%clk
00:26:10]} {[%emt 00:00:28]} Nd7 {[%clk 00:28:29]} {[%emt 00:04:03]} 23. Nb3
{[%clk 00:22:05]} {[%emt 00:04:35]} f5 {[%clk 00:26:39]} {[%emt 00:02:20]} 24.
Nd4 {[%clk 00:19:17]} {[%emt 00:03:17]} f4 {[%clk 00:21:51]} {[%emt 00:05:18]}
25. Bf2 {[%clk 00:15:09]} {[%emt 00:04:38]} Kf7 {[%clk 00:15:55]} {[%emt
00:06:27]} 26. Nf3 {[%clk 00:14:49]} {[%emt 00:00:49]} e5 {[%clk 00:14:04]}
{[%emt 00:02:22]} 27. Rd1 {[%clk 00:12:36]} {[%emt 00:02:42]} Bb4 {[%clk
00:13:30]} {[%emt 00:01:05]} 28. Be1 {[%clk 00:10:39]} {[%emt 00:02:26]} Rfd8
{[%clk 00:13:36]} {[%emt 00:00:24]} 29. d4 {[%clk 00:07:35]} {[%emt 00:03:35]}
Bxc3 {[%clk 00:05:20]} {[%emt 00:08:46]} 30. Bxc3 {[%clk 00:07:58]} {[%emt
00:00:06]} Bxe4 {[%clk 00:05:26]} {[%emt 00:00:24]} 31. Nxe5+ {[%clk 00:07:35]}
{[%emt 00:00:53]} Ke6 {[%clk 00:05:22]} {[%emt 00:00:35]} 32. d5+ {[%clk
00:07:18]} {[%emt 00:00:46]} Bxd5 {[%clk 00:05:42]} {[%emt 00:00:10]} 33. Ng6
{[%clk 00:07:37]} {[%emt 00:00:10]} Rc4 {[%clk 00:04:41]} {[%emt 00:01:33]} 34.
Rd4 {[%clk 00:03:01]} {[%emt 00:05:06]} f3+ {[%clk 00:04:04]} {[%emt 00:01:06]}
35. Kf2 {[%clk 00:03:26]} {[%emt 00:00:05]} Rxd4 {[%clk 00:01:48]} {[%emt
00:02:47]} 36. Bxd4 {[%clk 00:03:55]} Kf7 {[%clk 00:01:11]} {[%emt 00:01:07]}
37. Nh4 {[%clk 00:03:14]} {[%emt 00:01:10]} Nf8 {[%clk 00:00:36]} {[%emt
00:01:06]} 38. Bc3 {[%clk 00:03:22]} {[%emt 00:00:21]} Ne6 {[%clk 00:00:45]}
{[%emt 00:00:22]} 39. Nxf3 {[%clk 00:02:06]} {[%emt 00:01:45]} Bxf3 {[%clk
00:00:49]} {[%emt 00:00:27]} 40. Kxf3 {[%clk 00:02:32]} {[%emt 00:00:03]} Rd3+
{[%clk 00:01:14]} {[%emt 00:00:06]} 41. Ke4 {[%clk 00:02:02]} {[%emt 00:01:00]}
Nc5+ {[%clk 00:29:08]} {[%emt 00:02:36]} 42. Ke5 {[%clk 00:29:33]} {[%emt
00:02:58]} Nd7+ {[%clk 00:29:21]} {[%emt 00:00:18]} 43. Ke4 {[%clk 00:26:33]}
{[%emt 00:03:29]} Rxh3 {[%clk 00:27:50]} {[%emt 00:02:01]} 44. Rd1 {[%clk
00:22:24]} {[%emt 00:04:39]} Ke6 {[%clk 00:10:22]} {[%emt 00:17:59]} 45. Bxg7
{[%clk 00:21:47]} {[%emt 00:01:06]} Nc5+ {[%clk 00:10:31]} {[%emt 00:00:22]}
1/2-1/2